| 000 | 00843cas a22002175a 4500 | ||
|---|---|---|---|
| 001 | L146087 | ||
| 008 | 081208n1996 xxkar p ss 0 a0eng d | ||
| 035 | _a(Sirsi) u146087 | ||
| 041 | 0 | _aeng | |
| 050 | _a333.33 $2 18 | ||
| 110 | 2 |
_aSavills _92020 |
|
| 245 | 0 | 0 | _aAgricultural performance analysis |
| 260 |
_aLondon _bSavills _c1981-1996 |
||
| 362 | 0 | _a1981-1996 | |
| 520 | _aPresents an analysis of the growth of institutional investment in farmland and of its performance in terms of rental growth, capital growth, total returns and yields. Includes data on purchases and sales. First issue provides some historical data from 1965-1981. | ||
| 520 | _a1994 and 1995 are missing. | ||
| 554 | _aOne per year | ||
| 651 | 4 |
_aEngland and Wales _y1543- |
|
| 690 | _aPROPERTY-COMMERCIAL PROPERTY-COMMERCIAL PROPERTY MARKET | ||
| 942 | _n0 | ||
| 999 |
_c119210 _d119210 |
||